| Tag |
First Indicator |
Second Indicator |
Subfields |
| LEADER |
00000cam a2200000La 4500 |
| 001 |
in00001746969 |
| 005 |
20220105121856.0 |
| 006 |
m u |
| 007 |
cr cn- |
| 008 |
001215s1998 moua sb 001 0 eng d |
| 010 |
|
|
|z 92048446
|
| 020 |
|
|
|a 0585323003 (electronic bk.) :
|c $36.95
|
| 020 |
|
|
|z 1550090852 (pbk.)
|
| 035 |
|
|
|a (OCoLC)ocm45842513
|
| 040 |
|
|
|a N$T
|c N$T
|d OCL
|d UtOrBLW
|
| 049 |
|
|
|a IKMN
|
| 050 |
1 |
4 |
|a QH323.5
|b .N67 1998eb
|
| 060 |
1 |
0 |
|a WA950 N842 1998
|
| 082 |
0 |
4 |
|a 574/.01/5195
|2 20
|
| 100 |
1 |
|
|a Norman, Geoffrey R.
|0 http://id.loc.gov/authorities/names/n84025418
|
| 245 |
1 |
0 |
|a Biostatistics :
|b the bare essentials /
|c Geoffrey R. Norman, David L. Streiner.
|
| 264 |
|
1 |
|a St. Louis :
|b Mosby,
|c [1998]
|
| 264 |
|
4 |
|c ©1998
|
| 300 |
|
|
|a xii, 260 pages :
|b illustrations ;
|c 28 cm.
|
| 336 |
|
|
|a text
|b txt
|2 rdacontent
|
| 337 |
|
|
|a computer
|b c
|2 rdamedia
|
| 338 |
|
|
|a online resource
|b cr
|2 rdacarrier
|
| 504 |
|
|
|a Includes bibliographical references (pages 231-234) and index.
|
| 533 |
|
|
|a Electronic reproduction.
|b Boulder, Colo. :
|c NetLibrary,
|d 2000.
|n Available via World Wide Web.
|n Access may be limited to NetLibrary affiliated libraries.
|
| 500 |
|
|
|a Electronic resource.
|
| 650 |
|
0 |
|a Biometry.
|0 http://id.loc.gov/authorities/subjects/sh85014244
|
| 650 |
|
0 |
|a Biometry
|x Data processing.
|
| 655 |
|
7 |
|a Electronic books.
|2 local
|
| 700 |
1 |
|
|a Streiner, David L.
|0 http://id.loc.gov/authorities/names/n88205006
|
| 710 |
2 |
|
|a NetLibrary, Inc.
|0 http://id.loc.gov/authorities/names/no99080690
|
| 776 |
1 |
|
|c Original
|w (DLC) 92048446
|w (OCoLC)27219734
|
| 856 |
4 |
1 |
|u https://proxy.library.tamu.edu/login?url=http://www.netLibrary.com/urlapi.asp?action=summary&v=1&bookid=22422
|z Connect to the full text of this electronic book
|t 0
|
| 994 |
|
|
|a 92
|b IKM
|
| 999 |
|
|
|a MARS
|
| 999 |
f |
f |
|s f9390be2-f786-3229-823d-e7cf5097a934
|i 4b73ba0f-ba5e-392e-b883-300cbcf33a11
|t 0
|
| 952 |
f |
f |
|a Texas A&M University
|b College Station
|c Electronic Resources
|d Available Online
|t 0
|e QH323.5 .N67 1998eb
|h Library of Congress classification
|
| 998 |
f |
f |
|a QH323.5 .N67 1998eb
|t 0
|l Available Online
|